Các nhóm từ đồng nghĩa trong tiếng việt

Gardado en:
Detalles Bibliográficos
Autor Principal: Nguyễn Văn Tu
Formato: Libro
Idioma:Vietnamese
Publicado: H. Đại học và trung học chuyên nghiệp 1982
Những chủ đề:
Các nhãn: Engadir etiqueta
Sen Etiquetas, Sexa o primeiro en etiquetar este rexistro!
Thư viện lưu trữ: Mạng thư viện Đại học Đà Nẵng
LEADER 01343nam a2200337 4500
001 000008312
003 4498
005 20111018141023.0
008 111014s1982 viesd
041 0 |a vie 
082 |a 495.92231  |b NG-T 
100 0 |a Nguyễn Văn Tu 
245 0 |a Các nhóm từ đồng nghĩa trong tiếng việt  |c Nguyễn văn Tu 
260 |a H.  |b Đại học và trung học chuyên nghiệp  |c 1982 
300 |a 526tr.  |c 19 cm 
500 |a Giới thiệu về từ điển từ đồng nghĩa trên thế giới và Việt Nam, cách phân biệt từ đồng nghĩa. Cắt nghĩa các từ đồng nghĩa, phân biệt sắc thái tu từ học, cách sử dụng trong văn chương và đời sống 
653 |a từ đồng nghĩa 
653 |a từ điển 
653 |a Việt Nam 
653 |a Ngôn ngữ 
910 |a Quang Huy  |d 14/10/2011 
OWN |a LSP 
AVA |a UDN50  |b LSP  |d 495.92231 NG-T  |e available  |t Error 5001 Not defined in file expand_doc_bib_avail.  |f 3  |g 1  |h N  |i 0  |k 1 
999 |a From the UDN01 
AVA |a UDN50  |b LSP  |d 495.92231 NG-T  |e available  |t Error 5001 Not defined in file expand_doc_bib_avail.  |f 3  |g 1  |h N  |i 0  |k 1 
TYP |a Monograph 
TYP |a Printed language 
980 |a Mạng thư viện Đại học Đà Nẵng